000 00713nam a22002057a 4500
999 _c8413
_d8413
003 GBCCL
005 20241126110650.0
008 210211b ||||| |||| 00| 0 eng d
020 _a9788184654608
040 _cGBC
082 _a252
_bRUP
100 _aRupwate, Daniel D
_913197
245 _aA biblical perspective on Mothers' Day, Fathers' Day, and Children's Day
260 _aDelhi :
_bIndian Society for Promoting Christian Knowledge,
_c2014.
300 _axx, 225 pages ;
_b24 cm
650 _aMother's Day
_vBiblical teaching.
_xsermons
_914723
650 _aFather's Day
_vBiblical teaching
_xSermons.
_914724
650 _aChildren's Day
_vBiblical teaching
_xSermons.
_914725
942 _2ddc
_cBK
_03